Movies Quiz

Random Movies or War Quiz

10 to 1: War Movies Quiz Stats

 Plays Quiz not verified by Sporcle

Score 0/55 Timer 10:00
56 Plays Today
% Correct
Saving Private Ryan (1998)
90.8%
Schindlers List (1993)
89.9%
Good Morning Vietnam (1987)
89.4%
Dunkirk (2017)
88.8%
Inglourious Basterds (2009)
88.1%
Apocalypse Now (1979)
86.5%
Platoon (1986)
85.8%
Full Metal Jacket (1987)
85.5%
Gettysburg (1993)
84.5%
Troy (2004)
84.3%
The Trojan Horse (1961)
83.4%
Patton (1970)
82.9%
All Quiet on the Western Front (1930)
82.4%
Lincoln (2012)
81.2%
Born on the 4th of July (1989)
80.6%
American Sniper (2014)
80.4%
The Deer Hunter (1978)
80.1%
1776 (1972)
79.8%
Gone with the Wind (1939)
79.6%
Braveheart (1995)
79.4%
Das Boot (1981)
78.7%
MASH (1970)
78.2%
Helen of Troy (1956)
77.3%
Glory (1989)
74.8%
The Patriot (2000)
74.8%
The Hurt Locker (2008)
73.4%
Midway (1976)
73.1%
The Bridge on the River Kwai (1957)
70%
% Correct
The Fury of Achilles (1962)
69.7%
Cold Mountain (2003)
68.4%
Jarhead (2005)
68%
The Last of the Mohicans (1992)
67.3%
Revolution (1985)
67%
The Red Baron (2008)
66.7%
War Horse (2011)
66.1%
Ulysses (1954)
65.7%
Hamburger Hill (1987)
64.7%
Gallipoli (1981)
64.1%
Enemy at the Gates (2001)
63.3%
We Were Soldiers (2002)
61.2%
Fury (2014)
59.6%
Lawrence of Arabia (1962)
58.9%
Pork Chop Hill (1959)
57.4%
Casualties of War (1989)
57.1%
Shenandoah (1965)
53.6%
The African Queen (1951)
52.8%
The Iroquois Trail (1950)
51.9%
Gods and Generals (2003)
49.8%
Drums Along the Mohawk (1939)
47.2%
The Scarlet Coat (1955)
41.2%
Johnny Tremain (1957)
40.1%
Paths of Glory (1957)
37.8%
71 Into the Fire (2010)
30.3%
The Front Line (2011)
27.3%
The Beguiled (1971)
26.3%

You're not logged in!

Compare scores with friends on all Sporcle quizzes.
OR
Log In

Show Comments

Extras

Top Quizzes Today


Score Distribution

Your Account Isn't Verified!

In order to create a playlist on Sporcle, you need to verify the email address you used during registration. Go to your Sporcle Settings to finish the process.

Report this User

Report this user for behavior that violates our Community Guidelines.

Details: